Le joueur anglais le mieux classé par édition du Ballon d'Or - Statistiques

Statistiques générales
  • Ce quiz a été pris 139 fois
  • Le résultat moyen est 29 sur 59
Statistiques - réponses
Années Classement Postes Joueurs % Correct
2022 21 A Harry Kane
94%
2018 10 A Harry Kane
94%
2017 10 A Harry Kane
94%
2024 3 M Jude Bellingham
94%
2023 18 M Jude Bellingham
94%
2012 15 A Wayne Rooney
89%
2011 5 A Wayne Rooney
89%
2009 8 A Wayne Rooney
89%
2004 8 A Wayne Rooney
89%
2008 10 M Steven Gerrard
85%
2007 13 M Steven Gerrard
85%
2006 17 M Frank Lampard
82%
2005 2 M Frank Lampard
82%
2025 8 M/A Cole Palmer
81%
1968 2 M/A Bobby Charlton
80%
1967 2 M/A Bobby Charlton
80%
1965 5 M/A Bobby Charlton
80%
1960 8 M/A Bobby Charlton
80%
2002 13 A Michael Owen
79%
2001 1 A Michael Owen
79%
1998 4 A Michael Owen
79%
1966 1 M/A Bobby Charlton
78%
1969 10 D Jack Charlton
77%
2003 10 M David Beckham
70%
2000 10 M David Beckham
70%
1999 2 M David Beckham
70%
2021 15 A Raheem Sterling
67%
2019 12 A Raheem Sterling
67%
1997 20 A Alan Shearer
52%
1996 3 A Alan Shearer
52%
1995 32 A Alan Shearer
52%
1970 2 D Bobby Moore
47%
2016 8 A Jamie Vardy
44%
1991 6 A Gary Lineker
43%
1987 5 A Gary Lineker
43%
1986 2 A Gary Lineker
43%
1956 1 A Stanley Matthews
36%
1972 7 G Gordon Banks
27%
1979 1 A Kevin Keegan
27%
1978 1 A Kevin Keegan
27%
1977 2 A Kevin Keegan
27%
1976 4 A Kevin Keegan
27%
1990 4 M/A Paul Gascoigne
19%
1958 6 D Billy Wright
15%
1957 2 D Billy Wright
15%
1989 5 G Peter Shilton
8%
1964 6 A Jimmy Greaves
7%
1963 3 A Jimmy Greaves
7%
1962 7 A Jimmy Greaves
7%
1985 10 M Bryan Robson
3%
1984 10 M Bryan Robson
3%
1983 10 M Bryan Robson
3%
1993 23 M/A David Platt
2%
1992 17 M/A David Platt
2%
1961 3 M/A Johnny Haynes
2%
1980 15 M Terry McDermott
1%
1975 9 D Colin Todd
0%
1971 8 A Martin Chivers
0%
1981 19 M Trevor Brooking
0%
Aucun quiz correspondant
Distribution des résultats
% des personnes avec chaque résultat
Percentile par nombre de réponses
Votre historique - résultats
Vous n’avez pas pris ce quiz